Famous 7 X 7 Quiz Stats

 Plays Quiz Updated Oct 10, 2015

Also try: Famous 6 X 6
Challenge
Share
Tweet
Embed
Score 0/20 Timer 05:00
5 Plays Today
Clue Answer % Correct
US president assassinated in Ford's TheatreAbraham Lincoln
93.7%
His Thriller album is the world’s best-selling record of all timeMichael Jackson
91.7%
Lead singer of the British rock band 'Queen'Freddie Mercury
90%
US singer - 'I Will Always Love You'Whitney Houston
81.2%
Founder and face of the fast food chain KFCHarland Sanders
79.1%
Oscar winning actress - 'Black Swan'Natalie Portman
76.3%
Canadian actor - 'Star Trek' captainWilliam Shatner
75.3%
Author - 'Hard Times' & 'Great Expectations' Charles Dickens
73%
TV star & comedian - 'The ______ Report'Stephen Colbert
68.7%
Legend of the silent film era - 'Modern Times'Charlie Chaplin
68%
Clue Answer % Correct
Actor - 'I ate his liver with some fava beans and a nice Chianti'Anthony Hopkins
67.7%
Female star of the Twilight film seriesKristen Stewart
63.4%
Nobel Prize winning writer - 'The Jungle Book'Rudyard Kipling
61%
US Secretary of State from 2009 - 2013Hillary Clinton
60.5%
Singer - 'Crazy in Love'Beyoncé Knowles
57.2%
Convicted of the Oklahoma City bombing Timothy McVeigh
46.9%
Bart & Lisa's school principal in The SimpsonsSeymour Skinner
39.4%
President of France from 2007 - 2012Nicolas Sarkozy
29.6%
Lead singer of Las Vegas rock band 'The Killers'Brandon Flowers
25%
Female singer and star of the TV show 'Newlyweds'Jessica Simpson
23.2%

You're not logged in!

Compare scores with friends on all Sporcle quizzes.
Join for Free
OR
Log In

You Might Also Like...

Show Comments

Extras

Top Quizzes Today


Score Distribution

Your Account Isn't Verified!

In order to create a playlist on Sporcle, you need to verify the email address you used during registration. Go to your Sporcle Settings to finish the process.

Report this User

Report this user for behavior that violates our Community Guidelines.

Details: